Perspectives in consumer behavior (Record no. 15566)
[ view plain ]
| 000 -LEADER | |
|---|---|
| fixed length control field | 00882nam a2200277 a 4500 |
| 001 - CONTROL NUMBER | |
| control field | 15566 |
| 003 - CONTROL NUMBER IDENTIFIER | |
| rucl marc code | BD-RjUL |
| 005 - DATE AND TIME OF LATEST TRANSACTION | |
| control field | 20211208235838.0 |
| 008 - FIXED-LENGTH DATA ELEMENTS--GENERAL INFORMATION | |
| fixed length control field | 140210s1973 ilua b 001 0 eng |
| 020 ## - INTERNATIONAL STANDARD BOOK NUMBER | |
| International Standard Book Number | 0673078361 |
| 035 ## - SYSTEM CONTROL NUMBER | |
| System control number | (BD-RjUL)15621 |
| 040 ## - CATALOGING SOURCE | |
| Original cataloging agency | DLC |
| Transcribing agency | DLC |
| Modifying agency | DLC |
| -- | BD-RjUL |
| Language of cataloging | eng |
| 041 ## - LANGUAGE CODE | |
| Language code of text/sound track or separate title | eng |
| 082 00 - DEWEY DECIMAL CLASSIFICATION NUMBER | |
| Classification number | 658.8342 |
| Author mark and year | KAP 1973 |
| 100 ## - MAIN ENTRY--PERSONAL NAME | |
| Personal name | Kassarjian, Harold H. |
| 9 (RLIN) | 160723 |
| 245 10 - TITLE STATEMENT | |
| Title | Perspectives in consumer behavior |
| Statement of responsibility, etc. | Harold H. Kassarjian and Thomas S. Robertson. |
| 250 ## - EDITION STATEMENT | |
| Edition statement | Rev. ed. |
| 260 ## - PUBLICATION, DISTRIBUTION, ETC. (IMPRINT) | |
| Place of publication, distribution, etc. | Glenview, Ill. : |
| Name of publisher, distributor, etc. | Scott, Foresman, |
| Date of publication, distribution, etc. | 1973. |
| 300 ## - PHYSICAL DESCRIPTION | |
| Pagination | xix, 604 p. : |
| Illustrations | ill. ; |
| Size | 24 cm. |
| 504 ## - BIBLIOGRAPHY, ETC. NOTE | |
| Bibliography, etc | Includes bibliographical references and index. |
| 650 #0 - SUBJECT ADDED ENTRY--TOPICAL TERM | |
| Topical term or geographic name as entry element | Consumer behavior. |
| 9 (RLIN) | 12811 |
| Topical term or geographic name as entry element | Motivation research (Marketing) |
| 9 (RLIN) | 12812 |
| 700 1# - ADDED ENTRY--PERSONAL NAME | |
| Personal name | Robertson, Thomas S., |
| Relator term | joint comp. |
| 942 ## - ADDED ENTRY ELEMENTS (KOHA) | |
| Source of classification or shelving scheme | Dewey Decimal Classification |
| Koha item type | Books |
| Lost status | Source of classification or shelving scheme | Damaged status | Not for loan | Collection code | Permanent Location | Current Location | Shelving location | Date acquired | Source of acquisition | Cost, normal purchase price | Total Checkouts | Full call number | Date last seen | Date checked out | Copy number | Koha item type |
|---|---|---|---|---|---|---|---|---|---|---|---|---|---|---|---|---|
| Dewey Decimal Classification | Non-fiction | Central Library, University of Rajshahi | Central Library, University of Rajshahi | 06/05/1977 | Heffer & sons | 6.15 | 1 | 658.8342 KAP 1973 | 07/12/2015 | 05/12/2015 | C-2 | Books | ||||
| Dewey Decimal Classification | Non-fiction | Central Library, University of Rajshahi | Central Library, University of Rajshahi | 06/05/1977 | Heffer & sons | 6.15 | 658.8342 KAP 1973 | 26/10/2016 | C-3 | Books |